[Event "IND-ch Rapid"]
[Site "Nashik"]
[Date "2022.04.29"]
[Round "9"]
[White "Sanjiv, Kumar"]
[Black "Ghosh, Diptayan"]
[Result "0-1"]
[WhiteElo "1816"]
[BlackElo "2538"]
[PlyCount "58"]
[EventDate "2022.04.27"]
[EventType "swiss (rapid)"]
[EventRounds "9"]
[EventCountry "IND"]
[SourceTitle "CBM 208 Extra"]
[Source "ChessBase"]
[SourceDate "2022.07.31"]
[SourceVersion "1"]
[SourceVersionDate "2022.07.31"]
[SourceQuality "1"]

1. Nf3 d5 2. d3 Nf6 3. c3 g6 4. Qc2 Bg7 5. e4 c5 6. Be2 Nc6 7. 0-0 0-0 8. h3 e5 9. Nbd2 h6 10. Re1 Be6 11. Bf1 Qc7 12. a4 b6 13. g3 Rad8 14. Rb1 Qd7 15. Kh2 Rfe8 16. b4 cxb4 17. cxb4 Rc8 18. Qb2 dxe4 19. dxe4 Nh5 20. Nc4 Bxc4 21. Bxc4 Nd4 22. Nxd4 Rxc4 23. Nb5 Nf6 24. Nc3 Bf8 25. b5 Bb4 26. Bd2 Bxc3 27. Bxc3 Nxe4 28. Bxe5 Ng5 29. Bh8 Qxh3+ 0-1